|
|
|
|
| LEADER |
01119nam a2200289 a 4500 |
| 001 |
13915692 |
| 003 |
BD-DhAAL |
| 005 |
20260106144752.0 |
| 008 |
091124s2006 mauab b 001 0 eng d |
| 010 |
|
|
|a 2005043868
|
| 020 |
|
|
|a 0071115692
|
| 020 |
|
|
|a 007297883X (alk. paper)
|
| 040 |
|
|
|a DLC
|c DLC
|d DLC
|d BD-DhAAL
|
| 082 |
0 |
0 |
|a 330
|2 22
|
| 100 |
1 |
|
|a Colander, David C.
|
| 245 |
1 |
0 |
|a Economics /
|c David C. Colander.
|
| 250 |
|
|
|a Sixth edition.
|
| 260 |
|
|
|a Boston :
|b McGraw-Hill/Irwin,
|c c2006.
|
| 300 |
|
|
|a xxv,837 pages :
|b ill. (chiefly col.), col. map ;
|c 26 cm.
|
| 504 |
|
|
|a Includes bibliographical references and index.
|
| 541 |
1 |
|
|e 00013427
|
| 650 |
|
0 |
|a Economics.
|
| 852 |
4 |
|
|a Ayesha Abed Library
|j General Shelf
|
| 942 |
|
|
|2 ddc
|c BK
|
| 999 |
|
|
|c 5886
|d 5886
|
| 952 |
|
|
|0 0
|1 0
|2 ddc
|4 0
|6 330_000000000000000_COL
|7 0
|9 5870
|a BRACUL
|b BRACUL
|c GEN
|d 2009-12-06
|g 2270.00
|l 8
|m 19
|o 330 COL
|p 3010013427
|r 2023-10-16
|s 2023-10-12
|t 1
|w 2009-12-06
|y BK
|
| 952 |
|
|
|0 0
|1 0
|2 ddc
|4 0
|6 330_000000000000000_COL
|7 0
|9 6027
|a BRACUL
|b BRACUL
|c GEN
|d 2009-12-07
|g 2270.00
|l 8
|m 23
|o 330 COL
|p 3010013428
|r 2025-11-04
|s 2025-11-03
|t 2
|w 2009-12-07
|y BK
|